| 000 | 00644nam a2200241Ia 4500 | ||
|---|---|---|---|
| 005 | 20241129120226.0 | ||
| 008 | 241129s9999||||xx |||||||||||||| ||und|| | ||
| 020 | _a9781119850540 | ||
| 037 | _aTB | ||
| 040 |
_aSDCL _beng _cSDCL |
||
| 041 |
_aeng _2eng |
||
| 084 |
_aX652, R2 _qSDCL |
||
| 100 |
_aAdams James F.; Smith Donald J. _9729470 |
||
| 245 | 0 | _aFixed income analysis | |
| 250 | _a5th | ||
| 260 |
_aHoboken _bWiley _c2022 |
||
| 300 | _axx,882p. | ||
| 365 |
_aUSD _b109.95 |
||
| 490 | _aCFA institute Investment | ||
| 650 | _aBusiness Economics and Finance | ||
| 942 |
_cTB _hX652, R2 |
||
| 999 |
_c1233895 _d1233895 |
||